Computational fluid dynamics (Record no. 2125)

000 -LEADER
fixed length control field 00621nam a2200217 a 4500
001 - CONTROL NUMBER
control field 2125
003 - CONTROL NUMBER IDENTIFIER
control field BD-DhUET
008 - FIXED-LENGTH DATA ELEMENTS--GENERAL INFORMATION
fixed length control field 940517s1995 nyua b 001 0 eng
020 ## - INTERNATIONAL STANDARD BOOK NUMBER
International Standard Book Number 0071132104
040 ## - CATALOGING SOURCE
Original cataloging agency DLC
Transcribing agency DLC
Modifying agency BD-DhUET
082 00 - DEWEY DECIMAL CLASSIFICATION NUMBER
Classification number 532.050285
Item number AND/1995
100 ## - MAIN ENTRY--PERSONAL NAME
Personal name Anderson, John D.
245 10 - TITLE STATEMENT
Title Computational fluid dynamics
Remainder of title the basics with applications
250 ## - EDITION STATEMENT
Edition statement 1st ed.
260 ## - PUBLICATION, DISTRIBUTION, ETC. (IMPRINT)
Place of publication, distribution, etc. New York
Name of publisher, distributor, etc. McGraw-Hill
Date of publication, distribution, etc. 1995
300 ## - PHYSICAL DESCRIPTION
Extent xxiv, 547 p.
490 1# - SERIES STATEMENT
Series statement McGraw-Hill series in mechanical engineering
504 ## - BIBLIOGRAPHY, ETC. NOTE
Bibliography, etc Includes bibliographies
650 #0 - SUBJECT ADDED ENTRY--TOPICAL TERM
Topical term or geographic name as entry element Fluid dynamics-Data processing
942 ## - ADDED ENTRY ELEMENTS (KOHA)
Koha item type General Book
Holdings
Copy number Sublocation or collection (holding branch) Koha normalized classification for sorting Piece designation (barcode) Date acquired Location (home branch) Lost status Damaged status Withdrawn status Price effective from Shelving location Koha full call number Koha issues (times borrowed) Not for loan Koha item type Source of classification or shelving scheme Koha out on loan Koha date last borrowed Koha date last seen
1Central Library, BUET532_000000000000000_050285AND11033572014-09-20Central Library, BUET   2014-09-20Circulation section532.050285/AND/19951 General Book 2019-02-282018-02-282018-02-28
2Central Library, BUET532_000000000000000_050285AND11033592014-09-20Central Library, BUET   2014-09-20Circulation section532.050285/AND/19953 General Book  2023-08-122023-08-26
3Central Library, BUET532_050285000000000_AND_19951033612015-02-04Central Library, BUET   2015-02-04Circulation section532.050285/AND/19956 General Book  2015-03-232015-07-29
4Central Library, BUET532_050285000000000_AND_1995951992015-06-08Central Library, BUET   2015-06-08Reading section532.050285/AND/1995  Reading Item   2015-06-08
5Central Library, BUET532_050285000000000_AND_19951145922016-09-25Central Library, BUET   2016-09-25Circulation section532.050285/AND/19951 General Book 2020-06-152019-06-162019-06-16
2Central Library, BUET532_050285000000000_AND_19951145932016-09-25Central Library, BUET   2016-09-25Circulation section532.050285/AND/1995  General Book   2016-09-25
6Central Library, BUET532_050285000000000_AND_19951033602007-05-07Central Library, BUET   2017-10-31Circulation section532.050285/AND/1995  General Book   2017-10-31